000 00312nam a22001337a 4500
003 SGT
082 _a615.538
_bV15B
100 _aSEN, BINAY
245 _a A TEXT BOOK ON VYAVAHARAYURVEDA AND VIDHIVAIDYAKA
260 _aDELHI
_bCHAUKHAMBHA PUB
_c2015
300 _a264
650 _aAYURVEDA
942 _2ddc
_cBK
_01
999 _c11526
_d11526